|
|
|
|
| LEADER |
00000nab a2200000 a 4500 |
| 001 |
vtls000709303 |
| 003 |
SK-MaSNL |
| 005 |
20260303200505.0 |
| 008 |
140302c1999 xo 0 slo |
| 015 |
|
|
|a SNBRB2000/01-01566
|
| 035 |
|
|
|a CLN000061470
|
| 040 |
|
|
|a SNKBUCL
|b slo
|c SNKBUCL
|e AACR2
|
| 041 |
0 |
|
|a slo
|
| 044 |
|
|
|a xo
|c SK
|
| 080 |
|
|
|a 82:061.7:06.063:82.085
|2 1997
|
| 080 |
|
|
|a 82.085
|2 1997
|
| 080 |
|
|
|a 792.077:82
|2 1997
|
| 100 |
1 |
|
|a Brtáňová, Tatiana
|4 aut
|9 856640
|
| 245 |
1 |
0 |
|a Skvelá recitátorská technika, menej skutočných výpovedí
|b 45. ročník Hviezdoslavovho Kubína
|c Tatiana Brtáňová
|
| 300 |
|
|
|b Fotogr.
|
| 611 |
1 |
7 |
|a Hviezdoslavov Kubín
|n 45.
|d 1999
|c Dolný Kubín, Slovensko
|2 snkbucl
|9 914438
|
| 650 |
0 |
7 |
|a amatérsky umelecký prednes
|x súťaže
|2 snkbucl
|9 86390
|
| 650 |
0 |
7 |
|a divadlo poézie
|2 snkbucl
|9 27022
|
| 655 |
|
7 |
|a články z novín a časopisov
|2 snkbucl
|9 267496
|
| 773 |
0 |
|
|t Učiteľské noviny
|g Roč. 49, č. 38 (1999), s. 6
|
| 850 |
|
|
|a Slovenská národná knižnica v Martine
|
| 852 |
|
|
|a SNK
|b KIS3GCP
|
| 957 |
|
|
|a 503
|
| 958 |
|
|
|a LX
|
| 958 |
|
|
|a SK
|
| 992 |
|
|
|a RBX
|
| 999 |
|
|
|c 2168315
|d 2170245
|